| 000 | 00473nam a2200181Ia 4500 | ||
|---|---|---|---|
| 003 | GCL | ||
| 008 | 140319s9999 xx 000 0 eng d | ||
| 040 |
_aGCL / _cGCL |
||
| 082 | 0 | 4 |
_a411 _bJ W |
| 100 | 1 | _aJEAN, GEORGE | |
| 245 | 1 | 0 |
_aWRITING: THE STORY OF ALPHABETS AND SCRIPTS / _cJEAN, GEORGE |
| 260 |
_a[S.N] : _bTHAMES AND HUDSON ، _c1992 |
||
| 300 | _a207 P | ||
| 650 | 0 | 4 | _aALPHABET |
| 650 | 0 | 4 | _aMANUSCRIPTS |
| 650 | 0 | 4 | _aSIGNATURES (WRITING) |
| 942 |
_2ddc _cBK |
||
| 999 |
_c25574 _d25574 |
||